La historia secreta del disco. Sexualidad e integración racial en la pista de baile

Tallennettuna:
Bibliografiset tiedot
Päätekijä: Shapiro, Peter (autor)
Muut tekijät: Marchi, Agostina (traducción)
Aineistotyyppi: Kirja
Kieli:englanti
Julkaistu: Buenos Aires, Argentina: Caja Negra, 2012
Painos:1a ed.
Sarja:Synesthesia 02
Aiheet:
Tagit: Lisää tagi
Ei tageja, Lisää ensimmäinen tagi!

MARC

LEADER 00000nam a22000007a 4500
003 CL-VaPUC
005 20220310110447.0
008 220228b2012 ||||| |||| 00| 0 eng d
999 |c 434580  |d 434578 
020 |a 978-987-1622-15-3 
040 |c Pontificia Universidad Católica de Valparaíso 
082 |a 781.64 SHA 2012  |2 22 
100 1 |a Shapiro, Peter  |e autor  |9 866615 
245 |a La historia secreta del disco.  |b Sexualidad e integración racial en la pista de baile 
250 |a 1a ed. 
260 |a Buenos Aires, Argentina:  |b Caja Negra,  |c 2012 
300 |a 412 páginas 
490 |a Synesthesia 02 
500 |a C1. Donación Profesor Ricardo Álvarez Bulacio. Memo 16/12/2021 
583 |c 20220228  |k Sebastián Perez 
650 |a Música disco  |x Historia y crítica   |9 867050 
650 |a Música disco  |x Ensayo  |9 867051 
700 1 |a Marchi, Agostina  |e traducción  |9 866616 
942 |2 ddc  |c BK 
952 |0 0  |1 0  |2 ddc  |4 0  |6 781_640000000000000_SHA_2012  |7 0  |8 A  |9 581513  |a BIBEDU  |b BIBEDU  |d 2022-02-28  |e Donación  |i 5648181  |o 781.64 SHA 2012  |p 5648181  |r 2023-01-12  |t 1  |w 2022-02-28  |y BK  |k MUS